الثياب / (رقم التسجيلة. 65029)

تفاصيل مارك
000 -LEADER
fixed length control field 00516nam a22001817a 4500
005 - DATE AND TIME OF LATEST TRANSACTION
control field 20251108171859.0
008 - FIXED-LENGTH DATA ELEMENTS--GENERAL INFORMATION
fixed length control field 250721s1988 xx 000 0 ara d
082 14 - DEWEY DECIMAL CLASSIFICATION NUMBER
Classification number ط/646/مطل
100 1# - MAIN ENTRY--PERSONAL NAME
Personal name مطلق، البير
245 10 - TITLE STATEMENT
Title الثياب /
264 1# - PRODUCTION, PUBLICATION, DISTRIBUTION, MANUFACTURE, AND COPYRIGHT NOTICE
Place of production, publication, distribution, manufacture بيروت :
Name of producer, publisher, distributor, manufacturer مكتبة لبنان،
Date of production, publication, distribution, manufacture, or copyright notice 1988.
300 ## - PHYSICAL DESCRIPTION
Extent 31ص : مص
490 0# - SERIES STATEMENT
Series statement كتب الفراشة ، 26
650 17 - SUBJECT ADDED ENTRY--TOPICAL TERM
Topical term or geographic name as entry element الملابس
653 ## - INDEX TERM--UNCONTROLLED
Uncontrolled term اطفال مرحله متوسطه (6-9) سنوات
942 ## - ADDED ENTRY ELEMENTS (KOHA)
Source of classification or shelving scheme Dewey Decimal Classification
Koha item type كتب
المقتنيات
حالة السحب حالة الفقدان مصدر التصنيف حالة التلف غير قابل للإعارة المكتبة الرئيسية المكتبة الحالية موقع الرف تاريخ التزويد الرقم المتسلسل Total Checkouts رقم الإستدعاء تاريخ آخر ظهور تاريخ الفاتورة نوع المادة (كوها) الباركود
    Dewey Decimal Classification     المكتبة المركزية المكتبة المركزية الأطفال 02/04/2012 1521178   ط/646/مطل 28/07/2025 02/04/2012 كتب PLD00247861
    Dewey Decimal Classification     مكتبة الاميرة بديعة مكتبة الاميرة بديعة الأطفال 10/05/2009 1272443   ط/646/مطل 28/07/2025 10/05/2009 كتب PLD00087941
    Dewey Decimal Classification Unchecked   مكتبة الجويدة مكتبة الجويدة الأطفال 06/07/2004 969   ط/646/مطل 28/07/2025 06/07/2004 كتب  
    Dewey Decimal Classification     مكتبة الراية الهاشمية للأطفال مكتبة الراية الهاشمية للأطفال الأطفال 10/05/2009 1272440   ط/646/مطل 28/07/2025 10/05/2009 كتب PLD00087947
    Dewey Decimal Classification     مكتبة الراية الهاشمية للأطفال مكتبة الراية الهاشمية للأطفال الأطفال 14/02/2015 1591196   ط/646/مطل 28/07/2025 14/02/2015 كتب PLD00316391
    Dewey Decimal Classification     مكتبة صويلح العامة مكتبة صويلح العامة الأطفال 10/05/2009 1272439   ط/646/مطل 28/07/2025 10/05/2009 كتب PLD00087953
    Dewey Decimal Classification     مكتبةمؤتة مكتبةمؤتة الأطفال 10/05/2009 1272441   ط/646/مطل 28/07/2025 10/05/2009 كتب PLD00087943
Implemented & Customized by: BBB with SCIT (Smart Chains for Information Technology)

Powered by Koha